000
00348nam a2200133Ia 4500
003
GCL
008
140319s9999 xx 000 0 ara d
040
_a
GCL /
_c
GCL
082
0
4
_a
813.01
_b
م ا
245
1
0
_a
امرأة بلاراس
260
_a
[S.N] :
_b
منشورات اتحاد الكتاب العرب ،
_c
1992
300
_a
222 ص
490
_a
999
_c
35503
_d
35503